[Event "Match"]
[Site "www.echecsemail.com"]
[Date "2016.08.08"]
[Round "1"]
[White "Hundegana"]
[Black "Pimpampum"]
[WhiteElo "2040"]
[BlackElo "2180"]
[Result "0-1"]
[Round "1"]
1.c4 Ng8f6
2.Nb1c3 c5
3.f4 d5
4.cxd5 Nf6xd5
5.g3 Nd5xc3
6.bxc3 Nb8c6
7.Ra1b1 Qd8d5
8.Ng1f3 Qd5xa2
9.Qd1b3 Qa2xb3
10.Rb1xb3 b6
11.h3 g6
12.Bf1g2 Bc8b7
13.O-O Bf8g7
14.Kh2 Ra8d8
15.Rf1e1 f5
16.Nf3g5 Rd8d6
17.e4 fxe4
18.Bg2xe4 Nc6a5
19.Rb3b1 Bb7xe4
20.Ng5xe4 Rd6d3
21.Re1e3 Rd3xe3
22.dxe3 e5
23.Ne4d6 Kd7
24.Nd6b5 Rh8a8
25.g4 Na5c4
26.Kg3 Kc6
27.Nb5a3 Nc4xa3
28.Bc1xa3 exf4
29.exf4 Bg7xc3
30.Rb1d1 Ra8e8
31.Ba3c1 Re8e1
32.Rd1xe1 Bc3xe1
33.Kf3 Kd5
34.Bc1b2 c4
35.f5 gxf5
36.gxf5 c3
37.Bb2a3 a5
38.Ke2 Be1d2
39.Kd3 b5
40.Ba3e7 Ke5
41.f6 Bd2g5
42.Be7d8 Bg5xf6
43.Bd8xa5 Kf4
44.h4 Kg4
45.Ba5b6 Kxh4
46.Bb6e3 Kg4
47.Kc2 h5
48.Kb3 h4
49.Kb4 h3
50.Kxb5 h2
51.Kc4 h1Q
52.Kd3 Qh1d1
53.Ke4 c2
54.Be3h6 Bf6g5
55.Bh6xg5 Kxg5
56.Ke3 c1Q
57.Ke4 Qc1c4
58.Ke3 Qd1d3
59.Kf2 Qc4c2
60.Ke1 Qd3d1
{ resign }
0-1

[Event "Match"]
[Site "www.echecsemail.com"]
[Date "2016.08.08"]
[Round "1"]
[White "Jhzes"]
[Black "Silent1"]
[WhiteElo "1850"]
[BlackElo "1870"]
[Result "1-0"]
[Round "1"]
1.Nb1c3 Ng8f6
2.d4 d5
3.Bc1f4 c6
4.f3 e6
5.e4 dxe4
6.fxe4 Bf8e7
7.a3 O-O
8.e5 Nf6d5
9.Nc3xd5 cxd5
10.Bf1d3 f5
11.exf6 Rf8xf6
12.Bf4e5 Rf6f8
13.Qd1g4 Be7f6
14.Ng1f3 Bf6xe5
15.Nf3xe5 Nb8d7
16.Qg4xe6 { resign }
1-0

[Event "Match"]
[Site "www.echecsemail.com"]
[Date "2016.08.08"]
[Round "1"]
[White "Darknight"]
[Black "Add"]
[WhiteElo "1710"]
[BlackElo "2010"]
[Result "0-1"]
[Round "1"]
1.e4 d5
2.e5 d4
3.Bf1c4 e6
4.a3 a6
5.d3 b5
6.Bc4a2 Bc8b7
7.Ng1f3 h6
8.Bc1f4 Ng8e7
9.Nb1d2 Ne7g6
10.g3 Nb8d7
11.Qd1e2 Nd7b6
12.Rh1g1 Nb6d5
13.O-O-O Ng6xf4
14.gxf4 Nd5xf4
15.Qe2f1 Nf4g6
16.h4 Ng6xh4
17.Nf3xh4 Qd8xh4
18.f4 Qh4e7
19.Rd1e1 O-O-O
20.Kb1 g6
21.Nd2b3 Bb7d5
22.Re1c1 c5
23.c3 Bd5xb3
24.Ba2xb3 Qe7b7
25.cxd4 Rd8xd4
26.Qf1f2 Rd4xd3
27.Bb3c2 Rd3d4
28.Bc2d1 Qb7e4
29.Bd1c2 Qe4xf4
30.Qf2xf4 Rd4xf4
31.Rg1d1 Bf8e7
32.Bc2d3 Rh8d8
33.b4 c4
34.Bd3e2 Rf4e4
35.Be2f3 Re4xe5
36.Rc1c2 h5
37.Rd1f1 Re5f5
38.Rc2c3 Rd8d4
39.Rf1c1 Kc7
40.Bf3e2 Rf5f2
41.Be2f1 Be7g5
42.Rc3c2 Rf2xc2
43.Rc1xc2 Rd4d1
44.Kb2 Rd1xf1
45.Rc2e2 Rf1d1
46.Re2e5 Bg5f6
47.Kc2 Bf6xe5
48.Kxd1 f5
49.Ke2 h4
50.Kf2 c3
{ resign }
0-1

[Event "Match"]
[Site "www.echecsemail.com"]
[Date "2016.08.08"]
[Round "1"]
[White "Jhzes"]
[Black "Pellix84"]
[WhiteElo "1810"]
[BlackElo "2020"]
[Result "0-1"]
[Round "1"]
1.Nb1c3 Ng8f6
2.d4 d5
3.Ng1f3 h6
4.Bc1f4 Bc8g4
5.e3 e6
6.Nc3b5 Nb8a6
7.Bf1e2 c6
8.Nb5c3 Bf8b4
9.Qd1d3 O-O
10.Bf4e5 c5
11.Be5xf6 Qd8xf6
12.Nf3e5 Bg4f5
13.Qd3d2 cxd4
14.exd4 Ra8c8
15.Ne5d7 Qf6g6
16.Nd7xf8 Qg6xg2
17.O-O-O Bb4xf8
18.Rd1g1 Qg2h3
19.Qd2f4 Bf8e7
20.Rg1g3 Qh3h4
21.Qf4f3 Qh4xd4
22.Rh1d1 Qd4b6
23.Nc3xd5 Rc8xc2
{ resign }
0-1

[Event "Match"]
[Site "www.echecsemail.com"]
[Date "2016.08.08"]
[Round "1"]
[White "Jhzes"]
[Black "Glenno"]
[WhiteElo "2000"]
[BlackElo "2410"]
[Result "1/2-1/2"]
[Round "1"]
1.Ng1f3 d5
2.c4 d4
3.e3 Nb8c6
4.exd4 Nc6xd4
5.Nf3xd4 Qd8xd4
6.Bf1e2 Bc8f5
7.Nb1c3 O-O-O
8.Nc3b5 Qd4b6
9.b4 a6
10.c5 Qb6g6
11.Nb5a3 Qg6f6
12.c6 Qf6xa1
13.cxb7 Kxb7
14.Be2xa6 Kxa6
15.Qd1a4 Kb7
16.Qa4b5 { draw }
1/2-1/2

[Event "Tourn. n8920"]
[Site "www.chess-mail.com"]
[Date "2016.08.09"]
[Round "1"]
[White "Francesco"]
[Black "Jhzes"]
[WhiteElo "1970"]
[BlackElo "1970"]
[Result "0-1"]
[Round "1"]
1.e4 c5
2.c3 e5
3.d4 d5
4.dxe5 d4
5.cxd4 cxd4
6.Bf1c4 Qd8a5
7.Qd1d2 Bf8b4
8.Nb1c3 dxc3
9.bxc3 Bb4xc3
10.Qd2xc3 Qa5xc3
{ resign }
0-1

[Event "Tourn. n8826"]
[Site "www.chess-mail.com"]
[Date "2016.08.09"]
[Round "1"]
[White "Wwgia"]
[Black "Amaya"]
[WhiteElo "2010"]
[BlackElo "2020"]
[Result "1-0"]
[Round "1"]
1.d4 Ng8f6
2.c4 g6
3.Nb1c3 Bf8g7
4.e4 d6
5.Ng1f3 O-O
6.Bf1e2 Nb8d7
7.O-O e5
8.Rf1e1 exd4
9.Nf3xd4 Nd7c5
10.Be2f1 Bc8g4
11.f3 Bg4d7
12.Bc1e3 a6
13.Ra1c1 Nc5e6
14.Nd4c2 Nf6h5
15.Qd1d2 Bg7e5
16.b4 Ne6f4
17.Nc3d5 Ra8c8
18.Nd5xf4 Qd8h4
19.g4 Nh5f6
20.Qd2f2 Qh4h6
21.Nf4d5 Qh6g7
22.Nc2d4 Nf6xd5
23.cxd5 Qg7f6
24.h3 Be5f4
25.Be3xf4 Qf6xf4
26.Rc1c2 f5
27.exf5 gxf5
28.Nd4e6 Qf4h6
29.Ne6xf8 Rc8xf8
30.Rc2e2 fxg4
31.hxg4 Bd7xg4
32.Qf2g3 { resign }
1-0

[Event "Tourn. n8813"]
[Site "www.chess-mail.com"]
[Date "2016.08.09"]
[Round "1"]
[White "Jackbauer"]
[Black "Umutkrc"]
[WhiteElo "1870"]
[BlackElo "1780"]
[Result "1-0"]
[Round "1"]
1.e4 d6
2.f4 a6
3.Ng1f3 Nb8c6
4.d4 f6
5.Nb1c3 Bc8g4
6.d5 Nc6b8
7.h3 Bg4h5
8.Bf1e2 Bh5xf3
9.Be2xf3 Ng8h6
10.f5 Nh6f7
11.O-O Nf7e5
12.Bf3e2 c6
13.Bc1f4 Qd8b6
14.Kh1 Qb6xb2
15.Bf4d2 Qb2b6
16.Be2h5 g6
17.Bh5e2 g5
18.Ra1b1 Qb6a7
19.Be2h5 Kd8
20.Rf1e1 c5
21.Bd2e3 Ne5c4
22.Be3f2 b5
23.Rb1b4 Bf8h6
24.Bh5e2 g4
25.Be2xc4 bxc4
26.Qd1e2 a5
27.Rb4b5 gxh3
28.g4 Nb8d7
29.a4 Nd7e5
30.Re1b1 Ne5d7
31.Qe2xc4 Ra8b8
32.Kh2 Rh8g8
33.Bf2g3 Rb8xb5
34.Rb1xb5 Kc7
35.Rb5b3 Kc8
36.Kxh3 Bh6d2
37.Nc3b5 Qa7a6
38.c3 Nd7b6
39.Nb5xd6 exd6
40.Qc4xa6 { resign }
1-0

[Event "Tourn. n8826"]
[Site "www.chess-mail.com"]
[Date "2016.08.09"]
[Round "1"]
[White "Wwgia"]
[Black "Hundegana"]
[WhiteElo "2010"]
[BlackElo "2050"]
[Result "1-0"]
[Round "1"]
1.d4 f5
2.g4 d6
3.h3 g6
4.Bf1g2 Bf8g7
5.c4 b6
6.Bg2xa8 fxg4
7.Ba8g2 gxh3
8.Ng1xh3 Ng8f6
9.Nb1c3 c6
10.Bc1g5 O-O
11.Qd1d2 Nb8d7
12.O-O-O Nf6g4
13.Bg2f3 Nd7b8
14.Rh1g1 Ng4h2
15.Nh3f4 Nh2xf3
16.exf3 Bc8f5
17.Nc3e4 Bf5xe4
18.fxe4 Rf8xf4
19.Qd2xf4 Nb8d7
20.e5 d5
21.cxd5 cxd5
22.Kb1 Qd8e8
23.Rd1c1 e6
24.Rc1c7 a5
25.Rg1c1 Nd7f8
26.Rc1c6 b5
27.Bg5h6 Bg7xh6
28.Qf4xh6 a4
29.Qh6g7 { resign }
1-0

[Event "Tourn. n8870"]
[Site "www.chess-mail.com"]
[Date "2016.08.09"]
[Round "1"]
[White "Awfen"]
[Black "Bojan"]
[WhiteElo "1970"]
[BlackElo "1930"]
[Result "1-0"]
[Round "1"]
1.e4 e5
2.Ng1f3 d6
3.Bf1c4 Qd8f6
4.O-O Ng8e7
5.d3 Nb8c6
6.Bc1g5 Qf6g6
7.Nb1d2 h6
8.Bg5e3 f5
9.Nf3h4 Qg6h7
10.f4 Nc6a5
11.Bc4b5 c6
12.Bb5a4 b5
13.b4 bxa4
14.bxa5 exf4
15.Be3d4 c5
16.Bd4c3 fxe4
17.dxe4 Rh8g8
18.Qd1f3 g5
19.Nh4f5 Ne7xf5
20.exf5 Ra8b8
21.Rf1e1 Kd8
22.Qf3e4 Kc7
23.Qe4xa4 Bc8xf5
24.a6 Bf5xc2
25.Bc3a5 Rb8b6
26.Ba5xb6 Kxb6
27.Nd2c4 Kc7
28.Qa4a5 Kc8
29.Re1e8 Kd7
30.Qa5d8 Kc6
31.Nc4a5 Kb5
32.Re8xf8 Rg8xf8
33.Qd8xf8 Qh7c7
34.Na5b3 Kxa6
35.Qf8e8 Qc7b6
36.Qe8e2 c4
37.Kh1 Bc2d3
38.Qe2d2 Kb7
39.Nb3c1 Bd3e4
40.Nc1e2 f3
41.Ne2d4 fxg2
42.Kg1 Qb6c5
43.Qd2e3 d5
44.Ra1c1 a5
45.Qe3f2 h5
46.Qf2b2 Kc8
47.Qb2f2 Qc5e7
48.Rc1e1 Qe7h7
49.Qf2f8 Kd7
50.Qf8b8 Qh7g6
51.Qb8b7 Ke8
52.Qb7c8 Kf7
53.Re1e2 Qg6b6
54.Re2f2 Kg6
55.Qc8e8 Kh7
56.Qe8f7 Kh6
57.Rf2f6 { resign }
1-0

[Event "Tourn. n8914"]
[Site "www.chess-mail.com"]
[Date "2016.08.09"]
[Round "1"]
[White "Jhzes"]
[Black "Biggles"]
[WhiteElo "1960"]
[BlackElo "2090"]
[Result "0-1"]
[Round "1"]
1.Ng1f3 d5
2.g3 Nb8c6
3.e3 e5
4.d3 Ng8f6
5.Bf1e2 Bf8c5
6.a3 a6
7.b4 Bc5b6
8.Bc1b2 d4
9.e4 Bc8e6
10.c3 O-O
11.c4 Be6h3
12.Nf3h4 Qd8d7
13.c5 Bb6a7
14.f4 a5
15.b5 Nc6e7
16.fxe5 Nf6g4
17.Be2xg4 Bh3xg4
18.Qd1c2 Qd7xb5
19.Bb2xd4 Ne7g6
20.a4 Qb5c6
21.Nh4xg6 fxg6
22.Nb1d2 Bg4h3
23.Qc2c4 Kh8
24.Qc4c3 Qc6e6
25.Qc3xa5 b6
26.cxb6 Ba7xb6
27.Qa5b4 Bb6a5
28.Qb4a3 Qe6f7
29.O-O-O Ra8b8
30.Qa3a1 Ba5b4
31.Nd2c4 c5
32.Bd4e3 Bh3e6
33.Nc4d6 Qf7f3
34.Be3g5 h6
35.Bg5e7 Qf3e3
36.Kc2 Rf8f2
{ resign }
0-1

[Event "Tourn. n8906"]
[Site "www.chess-mail.com"]
[Date "2016.08.09"]
[Round "1"]
[White "Pimpampum"]
[Black "Libiesse"]
[WhiteElo "2220"]
[BlackElo "2000"]
[Result "1-0"]
[Round "1"]
1.b3 d5
2.Bc1b2 f6
3.d4 Nb8d7
4.Ng1f3 c5
5.e3 cxd4
6.exd4 b6
7.Nb1c3 Bc8b7
8.Nf3h4 e6
9.Qd1h5 Ke7
10.Bb2a3 { resign }
1-0

[Event "Match"]
[Site "www.echecsemail.com"]
[Date "2016.08.09"]
[Round "1"]
[White "Karpov35"]
[Black "Wagner"]
[WhiteElo "1809"]
[BlackElo "1810"]
[Result "1-0"]
[Round "1"]
1.c4 e5
2.g3 d6
3.Bf1g2 Nb8a6
4.Nb1c3 Bc8e6
5.b3 c6
6.Ng1f3 h6
7.Bc1b2 g5
8.O-O Qd8f6
9.d4 g4
10.dxe5 dxe5
11.Nc3e4 Qf6e7
12.Nf3xe5 Rh8h7
13.Ne5d3 Ra8d8
14.Qd1c1 f6
15.Nd3f4 Be6f7
16.Qc1c2 f5
17.Ne4c3 Bf7e6
18.Nf4g6 Qe7g5
19.Ng6xf8 Kxf8
20.Ra1d1 Na6b4
21.Qc2b1 Ng8f6
22.a3 Nb4d5
23.cxd5 cxd5
24.Bb2c1 f4
25.Bc1xf4 Qg5g7
26.Bf4e5 h5
27.Be5xf6 Qg7xf6
28.Qb1xh7 { resign }
1-0

[Event "Match"]
[Site "www.echecsemail.com"]
[Date "2016.08.09"]
[Round "1"]
[White "Jhzes"]
[Black "Llord"]
[WhiteElo "1950"]
[BlackElo "1940"]
[Result "1-0"]
[Round "1"]
1.Ng1f3 Nb8c6
2.c4 e5
3.d3 Bf8c5
4.e3 Ng8f6
5.Bc1d2 O-O
6.a3 a5
7.b3 e4
8.dxe4 Nf6xe4
9.Bd2c1 d6
10.Bf1d3 Rf8e8
11.Qd1c2 Bc8f5
12.O-O Qd8f6
13.Bc1b2 Qf6g6
14.Nf3h4 Qg6g5
15.Nh4xf5 Qg5xf5
16.Kh1 Qf5g4
17.f3 Ne4g3
18.Kg1 Bc5xe3
19.Rf1f2 Be3xf2
20.Kxf2 Ng3h1
21.Kf1 Qg4e6
22.Nb1c3 Nc6d4
23.Bd3xh7 Kh8
24.Qc2e4 g6
25.Qe4xd4 Kxh7
26.Qd4h4 Kg8
27.Nc3d5 Qe6e2
28.Kg1 Qe2xb2
29.Nd5f6 Kf8
30.Qh4h8 { resign }
1-0

[Event "Match"]
[Site "www.echecsemail.com"]
[Date "2016.08.09"]
[Round "1"]
[White "Canario"]
[Black "Babedad"]
[WhiteElo "1850"]
[BlackElo "2029"]
[Result "0-1"]
[Round "1"]
1.e4 e6
2.d4 d5
3.exd5 exd5
4.Nb1c3 Bf8b4
5.Bc1d2 Ng8e7
6.Ng1f3 Bc8f5
7.a3 Bb4d6
8.Bd2g5 f6
9.Bg5h4 O-O
10.Bf1d3 c6
11.Bd3xf5 Ne7xf5
12.O-O Qd8c7
13.h3 Nb8d7
14.Nc3e2 Rf8e8
15.Qd1d3 Nf5xh4
16.Nf3xh4 Re8e4
17.Ne2g3 Re4xh4
18.Ra1e1 Bd6xg3
19.Qd3xg3 Qc7xg3
20.fxg3 Rh4e4
21.Re1xe4 dxe4
22.Rf1f4 Ra8e8
23.Kf2 Kf7
24.Ke3 g6
25.h4 f5
26.g4 Kf6
27.g5 Kg7
28.c4 Nd7b6
29.b3 Kf7
30.g4 Ke6
31.h5 Re8f8
32.gxf5 gxf5
33.g6 hxg6
34.h6 Kf6
35.Rf4h4 g5
36.Rh4h1 Rf8h8
37.h7 Kg6
{ resign }
0-1

[Event "Match"]
[Site "www.echecsemail.com"]
[Date "2016.08.09"]
[Round "1"]
[White "Jhzes"]
[Black "Fangshuo"]
[WhiteElo "1960"]
[BlackElo "2070"]
[Result "1-0"]
[Round "1"]
1.d4 d5
2.Bc1f4 e6
3.c4 Ng8e7
4.Nb1c3 Ne7g6
5.Bf4g3 Bf8b4
6.Qd1a4 Nb8c6
7.cxd5 Bb4xc3
8.bxc3 Qd8xd5
9.Bg3xc7 Bc8d7
10.Ra1b1 O-O
11.Rb1b5 Qd5e4
12.Qa4d1 Nc6xd4
13.Rb5b2 Bd7a4
14.Qd1xd4 Qe4xd4
15.cxd4 b5
16.e3 Ra8c8
17.Bc7a5 Rc8c1
18.Ke2 f5
19.f4 Rf8c8
20.Ng1f3 h6
21.Ba5d2 Ba4d1
22.Kf2 Rc1c2
23.Rb2xc2 Rc8xc2
24.Bf1d3 Rc2xa2
25.Rh1xd1 b4
26.Bd3c4 Ra2c2
27.Bc4xe6 Kf8
28.Be6xf5 Ng6e7
29.Bf5xc2 { resign }
1-0

[Event "Match"]
[Site "www.echecsemail.com"]
[Date "2016.08.09"]
[Round "1"]
[White "Tomcapp"]
[Black "Bichoraro92"]
[WhiteElo "1490"]
[BlackElo "1499"]
[Result "0-1"]
[Round "1"]
1.e4 c6
2.Ng1f3 d5
3.exd5 cxd5
4.d4 Ng8f6
5.Bf1b5 Nb8c6
6.Bc1g5 Bc8d7
7.Bg5xf6 gxf6
8.Nb1c3 e6
9.Bb5xc6 Bd7xc6
10.O-O Bf8d6
11.g3 Qd8c7
12.a3 O-O-O
13.b4 Kb8
14.b5 Bc6d7
15.Qd1d3 Rd8c8
16.a4 Qc7xc3
17.Qd3xc3 Rc8xc3
18.Nf3d2 Rc3xc2
19.Nd2b3 h5
20.h4 Rh8g8
21.Nb3c5 Bd6xc5
22.b6 Bc5xd4
23.bxa7 Kxa7
24.Kh1 Bd7c6
25.a5 Bd4xa1
26.Rf1xa1 d4
27.Kg1 f5
28.a6 b6
29.Ra1a3 f4
30.Ra3d3 e5
31.Kf1 Bc6b5
32.gxf4 Bb5xd3
{ resign }
0-1

[Event "Match"]
[Site "www.echecsemail.com"]
[Date "2016.08.09"]
[Round "1"]
[White "Wagner"]
[Black "Ditto"]
[WhiteElo "1800"]
[BlackElo "1860"]
[Result "1-0"]
[Round "1"]
1.e4 e5
2.c4 Bf8c5
3.Ng1h3 d6
4.d3 Bc8xh3
5.gxh3 Ng8f6
6.Bc1d2 Nb8c6
7.Rh1g1 Bc5d4
8.Nb1c3 O-O
9.Nc3d5 Nc6b8
10.Bd2h6 Nf6e8
11.Qd1f3 Bd4xb2
12.Qf3g4 Bb2xa1
13.Bh6xg7 Ne8xg7
14.Qg4xg7 { resign }
1-0

[Event "Match"]
[Site "www.echecsemail.com"]
[Date "2016.08.09"]
[Round "1"]
[White "Frisker"]
[Black "Jhzes"]
[WhiteElo "2270"]
[BlackElo "1970"]
[Result "1-0"]
[Round "1"]
1.d4 e6
2.c4 c5
3.e3 Ng8f6
4.Ng1f3 Nb8c6
5.Bf1e2 b6
6.Nb1c3 Bc8b7
7.O-O d5
8.cxd5 Nf6xd5
9.Qd1a4 Nd5xc3
10.bxc3 Bf8d6
11.e4 cxd4
12.cxd4 Qd8c7
13.d5 O-O-O
14.dxc6 Bb7xc6
15.Qa4c2 Kb8
16.Bc1b2 f6
17.Nf3d4 Bd6xh2
18.Kh1 Rd8xd4
19.Bb2xd4 Rh8d8
20.Bd4e3 Bh2e5
21.Ra1c1 Kb7
22.Be2a6 Kxa6
23.Qc2xc6 Qc7f7
24.g3 Qf7h5
25.Kg2 Qh5g4
26.Rc1c4 Be5c3
27.Rc4xc3 Ka5
28.Rc3a3 { resign }
1-0

[Event "Match"]
[Site "www.echecsemail.com"]
[Date "2016.08.09"]
[Round "1"]
[White "Fangshuo"]
[Black "Jhzes"]
[WhiteElo "2070"]
[BlackElo "1810"]
[Result "1-0"]
[Round "1"]
1.c4 g6
2.Nb1c3 Bf8g7
3.d4 d6
4.Ng1f3 e6
5.Bc1g5 Bg7f6
6.Qd1d2 Bf6xg5
7.Nf3xg5 f6
8.Ng5f3 Bc8d7
9.e4 Ng8e7
10.Qd2h6 Kf7
11.O-O-O Qd8f8
12.Qh6f4 h6
13.e5 Kg7
14.exd6 cxd6
15.Qf4xd6 a5
16.d5 Ra8a6
17.Qd6a3 e5
18.c5 Ra6a7
19.d6 Ne7f5
20.Nc3d5 Nb8c6
21.Bf1b5 e4
22.Nf3d2 Bd7e6
23.Nd5c7 Qf8f7
24.Nd2xe4 Be6xa2
25.d7 Nf5d4
26.Nc7e8 Kf8
27.Rd1xd4 Nc6d8
28.c6 Kg8
29.Ne4xf6 { resign }
1-0

[Event "Match"]
[Site "www.echecsemail.com"]
[Date "2016.08.09"]
[Round "1"]
[White "Pwain"]
[Black "Karlgrocer"]
[WhiteElo "1499"]
[BlackElo "2090"]
[Result "1-0"]
[Round "1"]
1.e4 c5
2.Ng1f3 e6
3.Nb1c3 d6
4.Bf1b5 Bc8d7
5.Bb5xd7 Nb8xd7
6.O-O Ng8f6
7.d3 Bf8e7
8.Rf1e1 O-O
9.a4 a6
10.a5 e5
11.h3 Nd7b8
12.Bc1d2 Nb8c6
13.Nc3e2 b5
14.axb6 Qd8xb6
15.b3 Rf8c8
16.Ne2c3 Nc6d4
17.Bd2g5 Qb6b7
18.Bg5xf6 Be7xf6
19.Nf3d2 Bf6g5
20.Nd2c4 Qb7c7
21.Nc3d5 Qc7c6
22.Nc4b6 Ra8b8
23.Nb6xc8 Rb8xc8
24.c3 Nd4b5
25.Qd1g4 h6
26.h4 Bg5d8
27.h5 Nb5c7
28.Qg4xc8 { resign }
1-0

[Event "1/32 Finale"]
[Site "www.chess-mail.com"]
[Date "2016.08.09"]
[Round "1"]
[White "Llord"]
[Black "Attatroll"]
[WhiteElo "1940"]
[BlackElo "1900"]
[Result "1/2-1/2"]
[Round "1"]
1.e4 d6
2.d4 Ng8f6
3.Nb1c3 g6
4.Bf1e2 Bf8g7
5.Ng1f3 O-O
6.O-O c6
7.Bc1g5 Nb8d7
8.Rf1e1 e5
9.dxe5 Nd7xe5
10.Nf3xe5 dxe5
11.Qd1xd8 Rf8xd8
12.Be2c4 Rd8d4
13.Bc4b3 Nf6h5
14.Re1e3 Bc8d7
15.Nc3e2 Rd4d2
16.Ne2g3 Nh5xg3
17.Re3xg3 Rd2e2
18.Ra1d1 Bd7e6
19.Rg3e3 Re2xe3
20.Bg5xe3 Be6xb3
21.axb3 a5
22.Rd1d7 a4
23.bxa4 Ra8xa4
24.Rd7d8 Bg7f8
25.h4 Kg7
26.Rd8d7 Ra4xe4
27.Rd7xb7 Bf8d6
28.Rb7b6 Re4c4
29.c3 Kf6
30.Be3d2 Ke6
31.b3 Rc4c5
32.b4 Rc5c4
33.b5 { draw }
1/2-1/2

[Event "Fast Game"]
[Site "www.echecsemail.com"]
[Date "2016.08.09"]
[Round "1"]
[White "Jhzes"]
[Black "Attatroll"]
[WhiteElo "1650"]
[BlackElo "1830"]
[Result "0-1"]
[Round "1"]
1.Ng1f3 d5
2.g3 Nb8c6
3.Bf1g2 Ng8f6
4.d3 e5
5.b3 Bf8d6
6.Bc1b2 O-O
7.Nb1d2 Bc8g4
8.h3 Bg4xf3
9.Bg2xf3 Rf8e8
10.e4 Nc6d4
11.Bb2xd4 exd4
12.O-O dxe4
13.dxe4 Bd6e5
14.Nd2c4 c5
15.Nc4xe5 Re8xe5
16.Qd1d3 Qd8e7
17.Rf1e1 Ra8e8
18.Bf3g2 Nf6xe4
19.Bg2xe4 Re5xe4
20.Re1xe4 Qe7xe4
21.Qd3b5 Qe4e7
22.a4 a6
23.Qb5b6 g6
24.Ra1f1 Re8d8
25.f4 Rd8e8
26.g4 Qe7e3
27.Kg2 Qe3c3
28.Qb6xb7 Re8e2
29.Rf1f2 Re2xf2
30.Kxf2 Qc3xc2
31.Kg3 Qc2d3
32.Kh4 Kg7
33.Qb7b6 c4
34.Qb6xa6 Qd3xb3
35.g5 Qb3b8
36.Qa6f6 Kg8
37.Qf6xd4 c3
38.Qd4e4 c2
39.Qe4c4 Qb8d6
40.Qc4c8 Kg7
41.Qc8c3 Kf8
42.Qc3c8 Ke7
43.Qc8b7 Kd8
44.Qb7a8 Kd7
45.Qa8b7 Qd6c7
46.Qb7d5 Ke7
47.Qd5e4 Kf8
{ resign }
0-1

[Event "Tourn. n8895"]
[Site "www.chess-mail.com"]
[Date "2016.08.10"]
[Round "1"]
[White "Attatroll"]
[Black "Nulladies"]
[WhiteElo "1890"]
[BlackElo "1740"]
[Result "1-0"]
[Round "1"]
1.d4 Ng8f6
2.c4 e6
3.Nb1c3 d5
4.Bc1g5 h6
5.Bg5h4 Bf8e7
6.e3 O-O
7.Ng1f3 c5
8.cxd5 exd5
9.Bh4g3 Nb8c6
10.Bf1e2 Nf6h5
11.Nf3e5 Nh5xg3
12.Ne5xc6 bxc6
13.hxg3 c4
14.O-O Ra8b8
15.b3 cxb3
16.axb3 Rb8xb3
17.Qd1xb3 Qd8b6
18.Qb3xb6 axb6
19.Rf1b1 b5
20.Ra1a7 Bc8f5
21.Ra7xe7 Rf8a8
22.Rb1c1 Ra8c8
23.Nc3xb5 cxb5
24.Rc1xc8 Bf5xc8
25.Re7e8 { resign }
1-0

[Event "Tourn. n8860"]
[Site "www.chess-mail.com"]
[Date "2016.08.10"]
[Round "1"]
[White "Gatrooper"]
[Black "Jjmcbride"]
[WhiteElo "1620"]
[BlackElo "1530"]
[Result "1-0"]
[Round "1"]
1.e4 e5
2.a3 Ng8f6
3.Nb1c3 d5
4.exd5 Nf6xd5
5.Nc3xd5 Qd8xd5
6.d3 Bf8d6
7.h3 c5
8.Ng1f3 h6
9.c4 Qd5e6
10.Bc1e3 O-O
11.Bf1e2 a6
12.Nf3h4 f5
13.Be2h5 f4
14.Nh4g6 Rf8f6
15.Bh5g4 Qe6e8
16.Bg4h5 Bc8f5
17.Ng6h4 g6
18.Bh5f3 Nb8c6
19.Bf3xc6 Qe8xc6
20.f3 fxe3
{ time. }
1-0

[Event "Tourn. n8843"]
[Site "www.chess-mail.com"]
[Date "2016.08.10"]
[Round "1"]
[White "Bigrezi"]
[Black "Pariolinius"]
[WhiteElo "1780"]
[BlackElo "1740"]
[Result "0-1"]
[Round "1"]
1.e4 c6
2.d4 d5
3.exd5 cxd5
4.Bf1d3 Nb8c6
5.c3 Ng8f6
6.Bc1f4 Bc8g4
7.Ng1f3 g6
8.Nb1d2 Bf8g7
9.O-O O-O
10.Rf1e1 Qd8b6
11.Ra1b1 Rf8e8
12.h3 Bg4d7
13.Nf3e5 Bd7e6
14.Nd2b3 Ra8c8
15.Nb3c5 Nc6xe5
16.Bf4xe5 Qb6c6
17.Qd1b3 b6
18.Nc5xe6 Qc6xe6
19.Be5xf6 Qe6xf6
20.Qb3xd5 e6
21.Qd5b3 Bg7h6
22.Qb3c2 Re8d8
23.Qc2a4 a5
24.Rb1d1 Rd8d5
25.Bd3c4 Rd5f5
26.Bc4a6 Rc8d8
27.Ba6d3 Rf5xf2
28.Qa4b3 Rd8d5
29.Re1f1 Bh6e3
30.Kh1 Rd5g5
31.Bd3e4 Rf2xf1
32.Rd1xf1 Qf6xf1
33.Kh2 Qf1g1
{ resign }
0-1

[Event "Tourn. n8844"]
[Site "www.chess-mail.com"]
[Date "2016.08.10"]
[Round "1"]
[White "Libiesse"]
[Black "B0zata"]
[WhiteElo "2040"]
[BlackElo "2250"]
[Result "0-1"]
[Round "1"]
1.d4 d5
2.c4 dxc4
3.Ng1f3 Ng8f6
4.Nb1c3 e6
5.a3 a6
6.Bc1g5 Bf8e7
7.e3 b5
8.a4 c6
9.Bf1e2 Bc8b7
10.O-O Nb8d7
11.h3 h6
12.Bg5h4 O-O
13.Qd1c2 Nf6d5
14.Bh4g3 Nd7f6
15.Nf3e5 Nd5xc3
16.bxc3 Nf6d5
17.Be2f3 Be7d6
18.Bg3h2 Bd6xe5
19.Bh2xe5 Qd8d7
20.e4 Nd5e7
21.Rf1d1 Ne7g6
22.Be5h2 Rf8d8
23.Bf3h5 Qd7e7
24.Bh5xg6 fxg6
25.Bh2e5 c5
26.Qc2e2 cxd4
27.cxd4 Bb7c6
28.Qe2g4 g5
29.Rd1e1 bxa4
30.f4 gxf4
31.Re1f1 Bc6xe4
32.Rf1xf4 Be4f5
33.Qg4g3 Qe7g5
34.Ra1a3 Qg5xg3
35.Ra3xg3 Ra8a7
36.Rg3a3 g5
37.Rf4f3 Bf5e4
38.Rf3c3 Be4d3
39.Ra3xa4 Rd8f8
40.Rc3c1 Kh7
41.Rc1a1 a5
42.Ra4xa5 Ra7xa5
43.Ra1xa5 Rf8f7
44.Ra5a6 Rf7e7
45.Kf2 Kg6
46.Ke3 h5
47.Kf3 Kf7
48.Ke3 Re7b7
49.Ra6a2 Rb7b3
50.Ra2f2 Bd3f5
{ resign }
0-1

[Event "Tourn. n8850"]
[Site "www.chess-mail.com"]
[Date "2016.08.10"]
[Round "1"]
[White "Libiesse"]
[Black "Julian"]
[WhiteElo "2020"]
[BlackElo "2060"]
[Result "1/2-1/2"]
[Round "1"]
1.d4 d5
2.c4 e6
3.Ng1f3 c6
4.cxd5 exd5
5.Bc1f4 Bf8d6
6.Qd1d2 Bd6xf4
7.Qd2xf4 Ng8f6
8.Nb1c3 O-O
9.e3 Nb8d7
10.h3 Rf8e8
11.Bf1d3 Nf6e4
12.Nc3xe4 dxe4
13.Bd3xe4 Nd7f6
14.Be4d3 Nf6d5
15.Qf4g3 Bc8e6
16.Bd3xh7 Kxh7
17.Nf3g5 Kg8
18.Qg3h4 Qd8a5
19.Kf1 Nd5xe3
20.fxe3 Be6c4
21.Kg1 Re8xe3
22.Qh4h7 Kf8
23.Qh7h8 Ke7
24.Qh8xg7 Re3e1
25.Ra1xe1 Qa5xe1
26.Kh2 Qe1e3
27.Ng5f3 Qe3f4
28.Kg1 Qf4e3
29.Kh2 Qe3f4
30.Kg1 Qf4e3
31.Kh2 { draw }
1/2-1/2

[Event "Tourn. n8736"]
[Site "www.chess-mail.com"]
[Date "2016.08.10"]
[Round "1"]
[White "Abuelo"]
[Black "Sontuozio"]
[WhiteElo "2220"]
[BlackElo "2230"]
[Result "1-0"]
[Round "1"]
1.e4 e6
2.Ng1f3 d5
3.exd5 exd5
4.Qd1e2 Bf8e7
5.d3 Ng8f6
6.Bc1g5 O-O
7.Nb1d2 Rf8e8
8.Qe2d1 Bc8g4
9.Bf1e2 Be7b4
10.O-O Nb8d7
11.c3 Bb4d6
12.h3 Bg4f5
13.Nf3d4 Bf5g6
14.Be2f3 Bg6xd3
15.Bf3xd5 Bd3xf1
16.Bd5xb7 Qd8b8
17.Bb7xa8 Qb8xa8
18.Qd1xf1 Nf6e4
19.Nd2xe4 Qa8xe4
20.Nd4f3 Qe4b7
21.b4 Nd7e5
22.Nf3xe5 Bd6xe5
23.Qf1c4 h6
24.Bg5e3 Be5f6
25.Ra1d1 Re8d8
26.Rd1xd8 Bf6xd8
27.a4 Bd8f6
28.a5 a6
29.Be3d4 Bf6e7
30.Qc4e2 c6
31.Qe2e3 Qb7d7
32.Qe3g3 f6
33.Qg3b8 Kf7
34.Qb8b6 Kf8
35.Bd4c5 Be7xc5
36.Qb6xc5 Ke8
37.Qc5e3 Kf7
38.f4 Qd7d5
39.Qe3a7 Kg6
40.Qa7xa6 Qd5e4
41.Qa6f1 Qe4e3
42.Qf1f2 Qe3xc3
43.a6 Qc3a1
44.Qf2f1 Qa1d4
45.Kh2 Qd4a7
46.Qf1d3 Kf7
47.Qd3c4 Kg6
48.Qc4xc6 Qa7e3
49.Qc6c7 h5
50.a7 h4
51.f5 { resign }
1-0

[Event "Tourn. n8846"]
[Site "www.chess-mail.com"]
[Date "2016.08.10"]
[Round "1"]
[White "Pwain"]
[Black "Hundegana"]
[WhiteElo "2200"]
[BlackElo "2090"]
[Result "1-0"]
[Round "1"]
1.e4 c5
2.Ng1f3 b6
3.d4 Qd8c7
4.Nb1c3 a6
5.dxc5 bxc5
6.Bf1c4 e6
7.O-O Ng8e7
8.b3 g6
9.Bc1b2 f6
10.e5 f5
11.Nc3a4 Ne7c6
12.Qd1e2 Bc8b7
13.Qe2e3 Nc6a5
14.Bc4e2 Bf8e7
15.Bb2a3 O-O
16.Ba3xc5 Be7xc5
17.Qe3xc5 Qc7xc5
18.Na4xc5 Bb7c6
19.Nf3d4 Kg7
20.Rf1d1 Kf7
21.b4 Na5b7
22.Nd4xc6 Nb7xc5
23.Nc6xb8 Ra8xb8
24.bxc5 Rf8c8
25.Rd1xd7 Kg8
26.Be2c4 Rc8d8
27.Bc4xe6 Kh8
28.g4 fxg4
29.c6 Rd8xd7
30.Be6xd7 Kg7
31.c7 Rb8h8
32.Ra1b1 Kf7
33.Rb1b8 Rh8f8
34.Rb8xf8 Kxf8
35.c8Q Kg7
36.e6 h5
37.e7 a5
38.e8Q { resign }
1-0

[Event "Match"]
[Site "www.echecsemail.com"]
[Date "2016.08.10"]
[Round "1"]
[White "Fenwick45"]
[Black "Billyg"]
[WhiteElo "1499"]
[BlackElo "1580"]
[Result "1-0"]
[Round "1"]
1.e4 e6
2.d4 Qd8e7
3.Ng1f3 d5
4.e5 a6
5.a3 h6
6.Bf1d3 Nb8c6
7.b3 f6
8.O-O fxe5
9.Bd3g6 Kd8
10.Nf3xe5 Bc8d7
11.Ne5f7 Kc8
12.Nf7xh8 Ng8f6
13.Bc1f4 e5
14.dxe5 Nf6e4
15.Bg6xe4 dxe4
16.Nb1c3 Nc6xe5
17.Bf4xe5 Qe7xe5
18.Nh8g6 Qe5xc3
19.Ng6xf8 Bd7c6
20.Qd1g4 Kb8
21.Nf8e6 Bc6d7
22.Qg4xe4 Bd7c6
23.Qe4g6 Ka7
24.h3 Bc6b5
25.Rf1e1 Qc3xc2
26.Qg6xc2 { resign }
1-0

[Event "Match"]
[Site "www.echecsemail.com"]
[Date "2016.08.10"]
[Round "1"]
[White "Mitja"]
[Black "Bojan"]
[WhiteElo "1910"]
[BlackElo "1930"]
[Result "1-0"]
[Round "1"]
1.d4 d5
2.e3 a6
3.c3 Nb8d7
4.h3 e5
5.dxe5 Nd7xe5
6.Ng1f3 Qd8d6
7.Nb1d2 Ng8f6
8.Nf3xe5 Bc8e6
9.Ne5f3 h6
10.Nd2b3 c6
11.Bf1e2 Bf8e7
12.Nb3d4 Be6d7
13.Be2d3 g6
14.b3 c5
15.Nd4c2 b5
16.Bc1b2 Rh8g8
17.Bb2a3 Qd6c7
18.Ba3b2 Ra8d8
19.O-O c4
20.Bd3e2 a5
21.Nc2d4 Nf6e4
22.Nf3d2 h5
23.Nd2xe4 dxe4
24.Qd1c2 Qc7e5
25.bxc4 b4
26.cxb4 axb4
27.Nd4c6 Qe5e6
28.Nc6xd8 Be7xd8
29.Rf1e1 Bd8c7
30.Re1d1 Ke7
31.Qc2d2 Bc7a5
32.a3 Rg8b8
33.axb4 Ba5xb4
34.Bb2a3 Bb4xa3
35.Ra1xa3 Rb8b7
36.Qd2d4 f6
37.c5 Bd7c6
38.Be2c4 { resign }
1-0